[Event "Druzynowe Mistrzostwa Polski Juniorow 2018 - II Liga"]
[Site "Szczyrk"]
[Date "1899-12-30"]
[Round "4.44"]
[White "Musial, Tomasz"]
[Black "Gozdzicki, Maciej"]
[Result "1-0"]
[WhiteTitle "k"]
[BlackTitle "II+"]
[WhiteElo "2029"]
[BlackElo "1699"]

1. e4 c5 2. Nf3 e6 3. d4 cxd4 4. Nxd4 a6 5. c4 Qc7 6. Nc3 Nf6 7. a3 Bc5 8. Be3
d6 9. b4 Ba7 10. Ndb5 axb5 11. Nxb5 Qd8 12. Bxa7 Nc6 13. Nxd6+ Kf8 14. Bc5 Kg8
15. b5 Na5 16. Nf5 Qxd1+ 17. Rxd1 h6 18. Nd6 e5 19. Bb4 b6 20. c5 Nb7 21. Nxc8
Rxc8 22. c6 Rh7 1-0

[Event "Druzynowe Mistrzostwa Polski Juniorow 2018 - II Liga"]
[Site "Szczyrk"]
[Date "1899-12-30"]
[Round "4.45"]
[White "Majdanski, Maksymilian"]
[Black "Wilk, Igor"]
[Result "1/2-1/2"]
[WhiteTitle "I"]
[BlackTitle "I"]
[WhiteElo "1751"]
[BlackElo "1560"]

1. c4 e6 2. Nc3 d5 3. d4 Nf6 4. Bg5 Be7 5. Nf3 O-O 6. e3 h6 7. Bh4 Ne4 8. Bxe7
Qxe7 9. cxd5 Nxc3 10. bxc3 exd5 11. Bd3 Nd7 12. O-O b6 13. Rc1 Bb7 14. Qe2 c5
15. Ba6 Bxa6 16. Qxa6 Rfc8 17. Rfd1 c4 18. Re1 f6 19. Rc2 g5 20. Rce2 f5 21. Nd2
Nf6 22. f3 Rc6 23. Qa4 Re6 24. Qc2 Qh7 25. Nf1 Nh5 26. g3 Rae8 27. Nd2 Nf6 28.
a4 R8e7 29. Qb1 Re8 30. Qc2 R8e7 31. Qb1 Re8 32. Qc2 1/2-1/2

[Event "Druzynowe Mistrzostwa Polski Juniorow 2018 - II Liga"]
[Site "Szczyrk"]
[Date "1899-12-30"]
[Round "4.46"]
[White "Straczek, Wiktoria"]
[Black "Kaminski, Jakub"]
[Result "1-0"]
[WhiteTitle "II+"]
[BlackTitle "II"]
[WhiteElo "1240"]
[BlackElo "1114"]

1. d4 d5 2. e3 Nf6 3. Nf3 e6 4. Bd3 Bd6 5. b3 O-O 6. O-O Nbd7 7. Bb2 Re8 8. Ne5
c5 9. Nd2 cxd4 10. exd4 Qc7 11. f4 Nb6 12. Qf3 Re7 13. Qh3 h6 14. Rf3 Nfd7 15.
Rg3 Kh8 16. Rf1 Nxe5 17. fxe5 Bxe5 18. dxe5 Qc5+ 19. Kh1 Bd7 20. Rgf3 Rf8 21.
Rf6 Qc8 22. Rxh6+ 1-0

[Event "Druzynowe Mistrzostwa Polski Juniorow 2018 - II Liga"]
[Site "Szczyrk"]
[Date "1899-12-30"]
[Round "4.47"]
[White "Partyka, Justyna"]
[Black "Pyzio, Amelia"]
[Result "0-1"]
[WhiteTitle "II"]
[BlackTitle "I++"]
[WhiteElo "1141"]
[BlackElo "1679"]

1. d4 d5 2. c4 e6 3. Nf3 Nf6 4. Bg5 Bb4+ 5. Nc3 h6 6. Bh4 c5 7. a3 Bxc3+ 8. bxc3
Qa5 9. Qb3 Ne4 10. Rc1 dxc4 11. Qxc4 Qxa3 12. Kd1 Bd7 13. e3 Ba4+ 14. Rc2 Qa1+
15. Ke2 Bxc2 16. Qb5+ Nc6 17. Qxb7 Qd1# 0-1

[Event "Druzynowe Mistrzostwa Polski Juniorow 2018 - II Liga"]
[Site "Szczyrk"]
[Date "1899-12-30"]
[Round "4.48"]
[White "Mucha, Marta"]
[Black "Gorska, Marcelina"]
[Result "1-0"]
[WhiteTitle "I+"]
[BlackTitle "IV"]
[WhiteElo "1432"]
[BlackElo "1000"]

1. d4 Nf6 2. Nf3 e6 3. e3 d5 4. Bd3 Be7 5. O-O c5 6. b3 O-O 7. Bb2 b6 8. Nbd2 Bb7
9. Ne5 Nbd7 10. f4 cxd4 11. exd4 Qc7 12. Qe2 Rac8 13. Rac1 Bd6 14. Rf3 a5 15.
Rh3 h6 16. Ndf3 Rfe8 17. Nxd7 Nxd7 18. Ne5 Nf6 19. Qf3 Re7 20. Rf1 Qd8 21. Qg3
Rec7 22. Rxh6 Qe7 23. Rh4 Ra8 24. Qh3 1-0

[Event "Druzynowe Mistrzostwa Polski Juniorow 2018 - II Liga"]
[Site "Szczyrk"]
[Date "1899-12-30"]
[Round "4.49"]
[White "Laszczak, Przemyslaw"]
[Black "Niemier, Hubert"]
[Result "1/2-1/2"]
[WhiteTitle "k"]
[BlackTitle "I"]
[WhiteElo "1990"]
[BlackElo "1748"]

1. d4 Nf6 2. c4 e6 3. Nf3 d5 4. e3 Be7 5. Nc3 O-O 6. Qc2 b6 7. b3 Bb7 8. Be2 Nbd7
9. O-O c5 10. Bb2 Rc8 11. Rfd1 cxd4 12. Nxd4 dxc4 13. Bxc4 Qc7 14. Qe2 Ne5 15.
Ba6 Nc6 16. Rac1 Nxd4 17. exd4 Qd7 18. Bxb7 Qxb7 19. d5 exd5 20. Qe5 Qc7 21. Qg5
h6 22. Nxd5 hxg5 23. Nxc7 Rfd8 24. Nb5 Rxd1+ 25. Rxd1 a6 26. Nd4 Bc5 27. g3 Rd8
28. Kg2 Kh7 29. Kf3 Kg6 30. Ke2 b5 31. f3 Bb6 32. Nc6 Rxd1 33. Kxd1 Nd7 34. Ne7+
Kh7 35. Ke2 f6 36. Nd5 Kg6 37. Nxb6 Nxb6 38. Kd3 Kf5 39. Kd4 g4 40. fxg4+ Kxg4
41. Kc5 Nd7+ 42. Kd6 Ne5 43. Kc7 Nd3 44. Bc3 Nc1 1/2-1/2

[Event "Druzynowe Mistrzostwa Polski Juniorow 2018 - II Liga"]
[Site "Szczyrk"]
[Date "1899-12-30"]
[Round "4.50"]
[White "Chaczynski, Kamil"]
[Black "Trybus, Daniel"]
[Result "0-1"]
[WhiteTitle "I"]
[BlackTitle "I+"]
[WhiteElo "1823"]
[BlackElo "1793"]

1. c4 Nf6 2. g3 c6 3. Nc3 d5 4. cxd5 cxd5 5. d4 Bf5 6. Bg2 e6 7. Bf4 Nc6 8. Nf3
Be7 9. O-O O-O 10. Nh4 Bg4 11. h3 Bh5 12. g4 Bg6 13. Nxg6 hxg6 14. Rc1 Qb6 15.
e3 Qxb2 16. Rc2 Qb4 17. Qe2 Qa5 18. Qb5 Qxb5 19. Nxb5 Rfd8 20. Rb1 Rac8 21. Rbc1
Ne8 22. Rb1 a6 23. Nc3 Nb4 24. Rcc1 Nd3 25. Rc2 b5 26. Bg3 b4 27. Bf1 Nxf2 28.
Bxf2 Rc6 29. Nxd5 Rxc2 30. Nxe7+ Kf8 31. Nxg6+ fxg6 32. Bxa6 Rxa2 33. Bc4 Rc2
34. Rxb4 Nc7 35. Bd3 Rc1+ 36. Kg2 Nd5 37. Rb7 Rc3 38. Bh4 Ra8 39. Bxg6 Ra2+ 40.
Bf2 Nxe3+ 41. Kf3 Nd5+ 0-1

[Event "Druzynowe Mistrzostwa Polski Juniorow 2018 - II Liga"]
[Site "Szczyrk"]
[Date "1899-12-30"]
[Round "4.51"]
[White "Syrkiewicz, Michal"]
[Black "Skrzypinski, Jan"]
[Result "1-0"]
[WhiteTitle "II+"]
[BlackTitle "II"]
[WhiteElo "1799"]
[BlackElo "1406"]

1. e4 c5 2. Nf3 d6 3. d4 cxd4 4. Nxd4 Nf6 5. Nc3 a6 6. Bc4 e6 7. O-O b5 8. Bb3
Be7 9. Qf3 Qc7 10. Qg3 Bb7 11. Bxe6 O-O 12. Bh6 Nh5 13. Qg4 Bf6 14. Be3 g6 15.
Bd5 Bg7 16. Bxb7 Qxb7 17. Qd1 Nf6 18. f3 Re8 19. Qd2 d5 20. exd5 Nxd5 21. Nxd5
Qxd5 22. c3 b4 23. Nb3 Qxd2 24. Bxd2 bxc3 25. Bxc3 Bxc3 26. bxc3 Nc6 27. Kf2 Ne5
28. Rfd1 Rad8 29. Nc5 a5 30. Nb7 Rb8 31. Rab1 Nc4 32. Nc5 Red8 33. Rxb8 Rxb8 34.
Re1 f5 35. Re7 Rb2+ 36. Re2 Rb5 37. Ne6 h6 38. Nd4 Rd5 39. Re6 Kf7 40. Rc6 Ne5
41. Rc7+ Kf6 42. Ke2 h5 43. f4 Nf7 44. Rc6+ Nd6 45. Nf3 Ke7 46. c4 Nxc4 47. Rxc4
Rb5 48. Kd3 Rb2 49. Rc2 Rb5 50. Ne5 g5 51. g3 gxf4 52. Ng6+ Kf6 53. Nxf4 Kg5 54.
Rc6 Kg4 55. Ke3 Re5+ 56. Kf2 Re2+ 57. Kxe2 1-0

[Event "Druzynowe Mistrzostwa Polski Juniorow 2018 - II Liga"]
[Site "Szczyrk"]
[Date "1899-12-30"]
[Round "4.52"]
[White "Tadych, Olgierd"]
[Black "Czarnomski, Dominik"]
[Result "0-1"]
[WhiteTitle "II"]
[BlackTitle "II+"]
[WhiteElo "1235"]
[BlackElo "1454"]

1. e4 g6 2. d3 Bg7 3. Nf3 d6 4. Nc3 Nc6 5. Bd2 e5 6. g3 h6 7. Bg2 Be6 8. O-O Qd7
9. Re1 Nge7 10. a3 Bh3 11. Qe2 Bxg2 12. Kxg2 f5 13. Nd5 Nxd5 14. exd5 Ne7 15.
c4 g5 16. Rac1 f4 17. b3 g4 18. Nh4 f3+ 19. Nxf3 gxf3+ 20. Qxf3 O-O-O 21. Be3
Kb8 22. Qe2 Rdf8 23. Ra1 h5 24. h4 Nf5 25. a4 Qf7 26. Ra2 Bh6 27. b4 Bxe3 28.
fxe3 Rhg8 29. Kh2 Nxg3 30. Qd2 Qf6 31. Qg2 Nf1+ 32. Qxf1 Qxf1 33. Rxf1 Rxf1 34.
d4 exd4 35. exd4 Rf4 36. Rd2 Rxh4# 0-1

[Event "Druzynowe Mistrzostwa Polski Juniorow 2018 - II Liga"]
[Site "Szczyrk"]
[Date "1899-12-30"]
[Round "4.53"]
[White "Ziolo, Oliwia"]
[Black "Niemier, Martyna"]
[Result "1-0"]
[WhiteTitle "I"]
[BlackTitle "II"]
[WhiteElo "1130"]
[BlackElo "1144"]

1. e4 e6 2. d4 d5 3. e5 Ne7 4. Nf3 Nf5 5. Be2 c5 6. c3 Nc6 7. g4 Nh4 8. O-O Nxf3+
9. Bxf3 Be7 10. Be3 cxd4 11. cxd4 O-O 12. Be2 Bd7 13. f4 h6 14. Qd2 f6 15. exf6
Rxf6 16. g5 hxg5 17. fxg5 Rxf1+ 18. Bxf1 Qa5 19. Nc3 Rf8 20. Qg2 Bd6 21. Bd3 e5
22. Nxd5 exd4 23. Bd2 Qd8 24. Bc4 Be6 25. Qe4 Be5 26. b3 a6 27. Nb4 Bxc4 28. bxc4
Nxb4 29. Bxb4 Qxg5+ 30. Kh1 Qh5 31. Qg2 Rf3 1-0

[Event "Druzynowe Mistrzostwa Polski Juniorow 2018 - II Liga"]
[Site "Szczyrk"]
[Date "1899-12-30"]
[Round "4.54"]
[White "Wozniak, Paulina"]
[Black "Zalewska, Malgorzata"]
[Result "1/2-1/2"]
[WhiteTitle "III"]
[BlackTitle "II+"]
[WhiteElo "1040"]
[BlackElo "1000"]

1. e4 e6 2. d4 d5 3. exd5 exd5 4. c4 Nf6 5. Nc3 Be6 6. cxd5 Nxd5 7. Nxd5 Qxd5 8.
Nf3 Nc6 9. Be2 Be7 10. O-O O-O 11. Be3 Qd6 12. Re1 Bf6 13. Qd3 Nb4 14. Qd2 Bf5
15. Rab1 Bxb1 16. Rxb1 Nxa2 17. Bf4 Qb6 18. d5 Nb4 19. d6 cxd6 20. Bxd6 Rfd8 21.
Qxb4 Rxd6 22. Qxb6 Rxb6 23. b3 a5 24. Nd2 Rd8 25. Nc4 Re6 26. Bg4 Re4 27. Bf3
Red4 28. Nxa5 R4d7 29. Nxb7 Rb8 30. Nc5 Re7 31. h3 Be5 32. g3 Bd6 33. Ne4 Bb4
34. h4 1/2-1/2

[Event "Druzynowe Mistrzostwa Polski Juniorow 2018 - II Liga"]
[Site "Szczyrk"]
[Date "1899-12-30"]
[Round "4.55"]
[White "Grochol, Kamil"]
[Black "Nowak, Mikolaj"]
[Result "1/2-1/2"]
[WhiteTitle "I"]
[BlackTitle "I++"]
[WhiteElo "1726"]
[BlackElo "2015"]

1. e4 c6 2. c4 g6 3. d4 Bg7 4. Nc3 d6 5. Nf3 Nf6 6. g3 O-O 7. Bg2 Nbd7 8. O-O e5
9. h3 Qc7 10. Be3 b6 11. Qc2 Bb7 12. Rac1 exd4 13. Nxd4 Rfe8 14. Rfe1 Rad8 15.
a3 Qb8 16. f3 Ne5 17. b3 h5 18. Rcd1 Qa8 19. Kf2 Ned7 20. f4 Nf8 21. Bf3 Rd7 22.
g4 hxg4 23. hxg4 c5 24. Ndb5 Nxe4+ 25. Nxe4 Bxe4 26. Bxe4 Rxe4 27. Nxd6 Re6 28.
Nb5 Qd8 29. g5 a6 30. Rxd7 Qxd7 31. Nc3 Re8 32. Kg3 Bxc3 33. Qxc3 Ne6 34. Qd2
Qxd2 35. Bxd2 Rd8 36. Bc1 Nd4 37. Bb2 Nf5+ 38. Kf2 Kf8 39. Ke2 Rb8 40. Be5 Rc8
41. Kd3 Rc6 42. Kc3 Ke7 43. b4 Kd7 44. Rd1+ Ke6 45. Rd8 b5 46. cxb5 axb5 47. bxc5
Rxc5+ 48. Kb4 Rc2 49. Kxb5 Ne3 50. a4 Nc4 51. Re8+ Kd7 52. Rf8 Ke7 53. Rh8 Nxe5
54. fxe5 Re2 55. Rc8 Rxe5+ 56. Rc5 Re1 57. a5 Kd6 58. Rc6+ Kd7 59. Rc5 Kd6 60.
Rc6+ Kd7 61. Rf6 Re5+ 62. Kb6 Rxg5 63. Rxf7+ Kd6 64. a6 Rg1 65. Rg7 Rb1+ 66. Ka7
Kc6 67. Rxg6+ Kc7 68. Rg7+ Kc8 69. Rb7 Ra1 70. Rb2 Rc1 71. Kb6 Kb8 72. Rd2 Rb1+
73. Ka5 Ra1+ 1/2-1/2

[Event "Druzynowe Mistrzostwa Polski Juniorow 2018 - II Liga"]
[Site "Szczyrk"]
[Date "1899-12-30"]
[Round "4.56"]
[White "Leskiewicz, Ignacy"]
[Black "Oles, Martin"]
[Result "1-0"]
[WhiteTitle "I+"]
[BlackTitle "II+"]
[WhiteElo "1856"]
[BlackElo "1488"]

1. e4 g6 2. d4 Bg7 3. Nc3 d6 4. Be3 Nf6 5. f3 Nbd7 6. Qd2 c6 7. Nge2 Qc7 8. g4
b5 9. Ng3 Bb7 10. g5 Nh5 11. Nxh5 gxh5 12. a3 O-O-O 13. O-O-O Nb6 14. f4 Nc4 15.
Bxc4 bxc4 16. f5 Kb8 17. Qf2 c5 18. f6 exf6 19. gxf6 cxd4 20. fxg7 Rhg8 21. Bxd4
1-0

[Event "Druzynowe Mistrzostwa Polski Juniorow 2018 - II Liga"]
[Site "Szczyrk"]
[Date "1899-12-30"]
[Round "4.57"]
[White "Rzepka, Marcin"]
[Black "Klimkowski, Jan"]
[Result "0-1"]
[WhiteTitle "III"]
[BlackTitle "I"]
[WhiteElo "1193"]
[BlackElo "1898"]

1. e4 c5 2. Nf3 d6 3. Bb5+ Bd7 4. Bxd7+ Qxd7 5. c4 Nf6 6. Nc3 g6 7. d4 cxd4 8.
Nxd4 Bg7 9. f3 O-O 10. Be3 Nc6 11. Nde2 Rac8 12. O-O Rfd8 13. Rc1 e6 14. Nf4 Ne7
15. b3 b6 16. Qd2 Qb7 17. Rfd1 Rd7 18. Qe2 Rcd8 19. Rd3 Ne8 20. Na4 Nc7 21. Rcd1
b5 22. Nc5 Qc6 23. Nxd7 Rxd7 24. Bxa7 bxc4 25. bxc4 Na6 26. Be3 Nc5 27. R3d2 Na4
28. Qf1 Nc3 29. Rc1 Qa4 30. Qf2 Qxc4 31. Rdc2 d5 32. Ne2 d4 33. Bxd4 Nxe2+ 34.
Qxe2 Qxd4+ 35. Kh1 Bh6 36. Rb1 Bf4 37. g3 Be5 38. f4 Bc7 39. Rbc1 Bb6 40. h3 h5
41. g4 hxg4 42. hxg4 Rd8 43. f5 Kg7 44. fxe6 Qe5 45. Kg2 Qxe6 46. Rh1 0-1

[Event "Druzynowe Mistrzostwa Polski Juniorow 2018 - II Liga"]
[Site "Szczyrk"]
[Date "1899-12-30"]
[Round "4.58"]
[White "Radoch, Filip"]
[Black "Kubik, Bartosz"]
[Result "1/2-1/2"]
[WhiteTitle "II"]
[BlackTitle "II"]
[WhiteElo "1128"]
[BlackElo "1046"]

1. c4 c5 2. Nf3 Nc6 3. Nc3 g6 4. g3 Bg7 5. Bg2 e5 6. O-O d6 7. Qb3 Nge7 8. d3 O-O
9. Bg5 h6 10. Bxe7 Qxe7 11. Rfd1 Be6 12. Nd2 f5 13. e3 Kh8 14. Rf1 f4 15. exf4
exf4 16. Rae1 Qd7 17. a3 Bf5 18. Nde4 Nd4 19. Qd1 Bh3 20. f3 fxg3 21. hxg3 Bxg2
22. Kxg2 Rae8 23. Nd5 Rf7 24. Qd2 Ref8 25. f4 Rb8 26. b4 b6 27. b5 Rbf8 28. a4
Kg8 29. Qa2 Qd8 30. Qd2 Qd7 31. Qa2 Qd8 32. Qd2 Qd7 33. Qa2 Rf5 1/2-1/2

[Event "Druzynowe Mistrzostwa Polski Juniorow 2018 - II Liga"]
[Site "Szczyrk"]
[Date "1899-12-30"]
[Round "4.59"]
[White "Kucharska, Helena"]
[Black "Waligora, Julia"]
[Result "0-1"]
[WhiteTitle "I"]
[BlackTitle "I"]
[WhiteElo "1322"]
[BlackElo "1424"]

1. d4 e6 2. c4 Nf6 3. Nf3 Bb4+ 4. Nbd2 O-O 5. e3 Qe7 6. a3 Bxd2+ 7. Bxd2 d6 8.
Bd3 Nbd7 9. O-O e5 10. Bc2 e4 11. Ne1 Nb6 12. Qe2 Bg4 13. f3 Bh5 14. b3 Rfe8 15.
Qf2 c5 16. d5 Nbd7 17. f4 Ng4 18. Qg3 f5 19. h3 Ngf6 20. Bc3 h6 21. Bd1 Kh7 22.
Nc2 Rg8 23. Kf2 g5 24. Rh1 Bxd1 25. Raxd1 Nh5 26. Qh2 gxf4 27. exf4 Rg3 28. Ne3
Qf7 29. Nf1 Rxc3 30. g4 Rf3+ 31. Kg1 Rg8 32. Rd2 Nxf4 33. Ng3 Ne5 34. a4 Rxb3
35. Kf2 Nfd3+ 36. Ke2 fxg4 37. hxg4 Qf3# 0-1

[Event "Druzynowe Mistrzostwa Polski Juniorow 2018 - II Liga"]
[Site "Szczyrk"]
[Date "1899-12-30"]
[Round "4.60"]
[White "Malek, Sophie"]
[Black "Cieslak, Jessica"]
[Result "0-1"]
[WhiteTitle "III"]
[BlackTitle "I"]
[WhiteElo "1000"]
[BlackElo "1247"]

1. e4 c5 2. c3 g6 3. d4 cxd4 4. cxd4 d5 5. exd5 Nf6 6. Nc3 Bg7 7. Be2 O-O 8. Bf3
Nbd7 9. Nge2 Nb6 10. a4 Nbxd5 11. Nxd5 Nxd5 12. O-O e6 13. Bd2 Bd7 14. Qb3 Bc6
15. Qc2 Rc8 16. b4 a6 17. Qb3 Qb6 18. Rab1 Ne7 19. b5 Bxf3 20. Qxf3 Nd5 21. a5
Qd6 22. bxa6 bxa6 23. Nf4 Nxf4 24. Bxf4 Qxd4 25. Be3 Qc3 26. Ra1 Qxa1 27. Rxa1
Bxa1 28. Qd1 Bc3 29. Bh6 Rfd8 30. Qe2 Bxa5 31. g3 Rc6 32. Qe5 Bc3 33. Qg5 Rcc8
34. h4 Bd2 35. Qg4 Bxh6 36. h5 Bg7 37. hxg6 hxg6 38. Qa4 Ra8 39. g4 a5 40. f4
Bc3 41. f5 exf5 42. gxf5 g5 43. Qg4 Bf6 44. Qh5 a4 45. Qe2 a3 46. Qa2 Rdb8 47.
Kg2 Rb2+ 48. Qxb2 axb2 49. Kg3 Ra4 50. Kf3 Qb1 51. Ke3 Qb3+ 52. Kd2 Ra2+ 53. Kc1
Qc2# 0-1

[Event "Druzynowe Mistrzostwa Polski Juniorow 2018 - II Liga"]
[Site "Szczyrk"]
[Date "1899-12-30"]
[Round "4.61"]
[White "Kus, Aleksander"]
[Black "Kulesza, Andrzej"]
[Result "1/2-1/2"]
[WhiteTitle "k"]
[BlackTitle "I"]
[WhiteElo "1934"]
[BlackElo "1918"]

1. e4 c5 2. Nf3 d6 3. Bb5+ Bd7 4. Bxd7+ Nxd7 5. O-O Ngf6 6. Qe2 e6 7. d4 cxd4 8.
Nxd4 Be7 9. c4 O-O 10. Nc3 a6 11. b3 Rc8 12. Bb2 Qa5 13. Rac1 Rfd8 14. Rfd1 Bf8
15. Kh1 Ne5 16. h3 Ng6 17. Qe3 Qe5 18. Rd2 Qf4 19. Qxf4 Nxf4 20. Rcd1 Ng6 21.
f3 Be7 22. Nde2 Ne8 23. Ba3 Bg5 24. Rb2 Bf6 25. Rc2 Ne7 26. Rcd2 Rc6 27. Nd4 Rc7
28. Nde2 Rcd7 29. f4 e5 30. Nd5 Nxd5 31. Rxd5 b6 32. R5d3 exf4 33. Nxf4 Be5 34.
Nd5 Rb8 35. Rc1 f6 36. Rc2 Kf7 37. Bc1 Nc7 38. Be3 Nxd5 39. Rxd5 Ke6 40. Kg1 Rc7
41. Rdd2 Rc6 42. Kf2 Rbc8 43. Ke2 f5 44. Kd3 fxe4+ 45. Kxe4 b5 46. Kd3 b4 47.
Re2 Kf5 48. Rf2+ Ke6 49. Rfe2 Kf5 50. Rf2+ 1/2-1/2

[Event "Druzynowe Mistrzostwa Polski Juniorow 2018 - II Liga"]
[Site "Szczyrk"]
[Date "1899-12-30"]
[Round "4.62"]
[White "Urbanski, Wojciech"]
[Black "Nowak, Patrycja"]
[Result "1-0"]
[WhiteTitle "II"]
[BlackTitle "II"]
[WhiteElo "1560"]
[BlackElo "1160"]

1. e4 c6 2. Nf3 d5 3. Nc3 Bg4 4. Be2 e6 5. d4 Qc7 6. O-O Nf6 7. e5 Nfd7 8. Nb1
Be7 9. c3 O-O 10. Bf4 c5 11. Nbd2 Nc6 12. Bg3 a6 13. Rc1 Rac8 14. Nb3 Bxf3 15.
Bxf3 c4 16. Na1 b5 17. Nc2 Rfe8 18. Bg4 Nb6 19. f4 Bf8 20. f5 Na4 21. Rb1 b4 22.
Qd2 bxc3 23. bxc3 Qa5 24. fxe6 fxe6 25. Qf4 Nxc3 26. Bxe6+ Kh8 27. Qf7 Ba3 28.
Bxc8 Rxc8 29. Rb7 Ne2+ 30. Kh1 Nxg3+ 31. hxg3 Rg8 32. Nxa3 Nd8 33. Qe7 Nxb7 34.
Rf8 h6 35. Rxg8+ Kxg8 36. Qxb7 Qxa3 37. Qxd5+ Kf8 38. Qxc4 Qxg3 39. Qc8+ Ke7 40.
Qb7+ Kf8 41. Qb8+ Ke7 42. Qd6+ Ke8 43. Qb8+ Ke7 44. Qb7+ Ke8 45. Qe4 Qa3 46. Qc6+
Ke7 47. Qc5+ Qxc5 48. dxc5 g6 49. Kh2 Kd7 50. Kg3 Ke7 51. Kf4 Kd7 52. Ke4 Ke7
53. Kd5 g5 54. c6 h5 55. e6 Kd8 56. Kd6 1-0

[Event "Druzynowe Mistrzostwa Polski Juniorow 2018 - II Liga"]
[Site "Szczyrk"]
[Date "1899-12-30"]
[Round "4.63"]
[White "Franc, Piotr"]
[Black "Paprocki, Antoni"]
[Result "0-1"]
[WhiteTitle "II"]
[BlackTitle "I"]
[WhiteElo "1196"]
[BlackElo "1792"]

1. e4 c5 2. Nf3 d6 3. d4 cxd4 4. Nxd4 Nf6 5. Nc3 a6 6. Be3 e5 7. Nb3 Be6 8. f3
Be7 9. Qd2 O-O 10. g4 d5 11. g5 Nxe4 12. Nxe4 dxe4 13. Qxd8 Rxd8 14. fxe4 Nc6
15. Nc5 Bxc5 16. Bxc5 Nd4 17. O-O-O Bg4 18. Rd3 Bf3 19. Rg1 Bxe4 20. Re3 Bc6 21.
Bc4 b5 22. Bb3 Rd7 23. g6 hxg6 24. Bxd4 exd4 25. Re5 Kh7 26. Rg4 Rad8 27. Rh4+
Kg8 28. Rf4 Bd5 29. Rxd4 Bxb3 30. Rxd7 Rxd7 31. axb3 f5 32. Re6 Kf7 33. Rxa6 f4
34. c4 Rc7 35. Ra3 bxc4 36. bxc4 Rxc4+ 37. Rc3 Rxc3+ 38. bxc3 g5 39. h3 Ke6 40.
Kd2 Kd5 41. Kd3 Kc5 42. Kc2 Kc4 43. Kd2 Kc5 44. Kd3 Kd5 45. Kd2 Ke4 46. Ke2 g6
47. Kd2 Kf3 48. c4 Ke4 49. Ke2 Kd4 50. Kf3 Kxc4 51. h4 gxh4 52. Kxf4 g5+ 0-1

[Event "Druzynowe Mistrzostwa Polski Juniorow 2018 - II Liga"]
[Site "Szczyrk"]
[Date "1899-12-30"]
[Round "4.64"]
[White "Jakubiec, Maurycy"]
[Black "Dopierala, Adam"]
[Result "0-1"]
[WhiteTitle "IV"]
[BlackTitle "II"]
[WhiteElo "1000"]
[BlackElo "1164"]

1. e4 e5 2. Nf3 Nc6 3. Bc4 Bc5 4. d3 h6 5. O-O Nf6 6. c3 d6 7. h3 O-O 8. Re1 Re8
9. Bb3 Ne7 10. Nbd2 c6 11. Nf1 Ng6 12. Ng3 b5 13. Be3 Bxe3 14. fxe3 Be6 15. Qd2
d5 16. exd5 Bxd5 17. Bxd5 cxd5 18. Rac1 e4 19. Nd4 Qb6 20. a3 Ne5 21. dxe4 Nxe4
22. Nxe4 dxe4 23. Rc2 Nd3 24. Rf1 a5 25. Rf5 Re5 26. Rxe5 Nxe5 27. b3 Nd3 28.
b4 axb4 29. axb4 Ra1+ 30. Kh2 Qd6+ 31. g3 Rf1 32. Ne2 Qf6 33. Nd4 Rf2+ 34. Qxf2
Nxf2 0-1

[Event "Druzynowe Mistrzostwa Polski Juniorow 2018 - II Liga"]
[Site "Szczyrk"]
[Date "1899-12-30"]
[Round "4.65"]
[White "Roszkiewicz, Anna"]
[Black "Mysliwiec, Natalia"]
[Result "1-0"]
[WhiteTitle "I++"]
[BlackTitle "I"]
[WhiteElo "1666"]
[BlackElo "1377"]

1. e4 d5 2. exd5 Qxd5 3. Nc3 Qa5 4. d4 Nf6 5. Bd2 c6 6. Bd3 Bg4 7. f3 Bh5 8. Nge2
Nbd7 9. Ne4 Qc7 10. c3 e6 11. Bf4 Qb6 12. Qb3 Qxb3 13. axb3 Nxe4 14. Bxe4 Nf6
15. Ng3 Nxe4 16. Nxh5 Nd6 17. Nxg7+ Bxg7 18. Bxd6 Kd7 19. Bg3 Rhe8 20. Ra5 f5
21. Kf2 b6 22. Ra6 Kc8 23. Rha1 Kb7 24. Be5 Bxe5 25. dxe5 Red8 26. Ke2 Rd5 27.
f4 Rdd8 28. R6a4 Rg8 29. g3 Rgd8 30. h3 h5 31. Rg1 Rg8 32. Rd4 Rg6 33. Rd7+ Ka6
34. Rh7 Rag8 35. Kf3 Rd8 36. Ke3 Rdg8 37. Rxh5 Rxg3+ 38. Rxg3 Rxg3+ 39. Kf2 Rg6
40. Rg5 Rh6 41. Kg3 Kb7 42. h4 Kc7 43. h5 Kd7 44. Kh4 Rh7 45. Rg6 Ke7 46. Kg5
a5 47. h6 Rh8 48. Rg7+ Kf8 49. Kg6 b5 50. Ra7 Rg8+ 51. Kf6 Rg6+ 52. Kxg6 Ke8 53.
h7 Kd8 54. Rh8# 1-0

[Event "Druzynowe Mistrzostwa Polski Juniorow 2018 - II Liga"]
[Site "Szczyrk"]
[Date "1899-12-30"]
[Round "4.66"]
[White "Pudelko, Magdalena"]
[Black "Roszkiewicz, Zofia"]
[Result "0-1"]
[WhiteTitle "I"]
[BlackTitle "I"]
[WhiteElo "1358"]
[BlackElo "1265"]

1. e4 c5 2. Nf3 Nc6 3. d4 cxd4 4. Nxd4 Nf6 5. Nc3 e5 6. Ndb5 d6 7. f4 Be7 8. Na3
O-O 9. f5 Nb4 10. Bc4 d5 11. Nxd5 Nbxd5 12. Bxd5 Nxd5 13. Qxd5 Qxd5 14. exd5 Bxa3
15. bxa3 Bxf5 16. O-O Bxc2 17. Bb2 f6 18. Rac1 Be4 19. Rfd1 Rac8 20. d6 Rxc1 21.
Bxc1 Bc2 22. Rd2 Ba4 23. Bb2 Rd8 24. Kf2 Kf7 25. Bc3 Ke6 26. Bb4 b6 27. Kf3 a5
28. Bc3 Bc6+ 29. Kf2 Bd5 30. Bb2 Rxd6 31. Rc2 Rc6 32. Rxc6+ Bxc6 33. g3 Bd5 34.
Ke3 Bxa2 35. Kd3 Kd5 36. Bc3 Bb1+ 37. Ke3 Kc4 38. Bb2 Kb3 39. Bc1 Kc2 40. Bd2
Kb2 41. Ke2 Kxa3 42. Be3 b5 43. Kd2 Kb2 44. g4 a4 45. Bc5 a3 46. Bxa3+ Kxa3 47.
g5 fxg5 48. h3 b4 49. h4 gxh4 50. Ke3 b3 51. Kf3 b2 52. Kg2 Be4+ 53. Kh2 Qb1 54.
Kh3 Qg1 55. Kxh4 Bf5 56. Kh5 Qg4# 0-1

[Event "Druzynowe Mistrzostwa Polski Juniorow 2018 - II Liga"]
[Site "Szczyrk"]
[Date "1899-12-30"]
[Round "4.67"]
[White "Poziomkowski, Szymon"]
[Black "Miasik, Adrian"]
[Result "1-0"]
[WhiteTitle "I"]
[BlackTitle "I++"]
[WhiteElo "1767"]
[BlackElo "1918"]

1. e4 e5 2. Nf3 Nc6 3. Nc3 Nf6 4. d4 exd4 5. Nxd4 Bc5 6. Be3 Bb6 7. Be2 O-O 8.
f4 Nxd4 9. Bxd4 d6 10. Qd3 Bd7 11. O-O-O Bc6 12. g4 Nd7 13. Bf3 Bxd4 14. Qxd4
Qf6 15. Qd2 Nc5 16. g5 Qe6 17. Rhe1 b5 18. Qd4 Rfe8 19. h4 Qh3 20. Qf2 Qe6 21.
Qd4 b4 22. Qxb4 Qh3 23. Bh1 Rab8 24. Qc4 a5 25. a3 Qg3 26. e5 Bxh1 27. Rxh1 Qe3+
28. Kb1 dxe5 29. Rhe1 Qf2 30. Re2 Qf3 31. Qxc5 Qb7 32. b3 a4 33. b4 exf4 34. Rxe8+
Rxe8 35. Qd5 Qb6 36. Qd7 Qe3 37. Nd5 Qe4 38. Nxf4 c5 39. Nd3 Rf8 40. Nxc5 Qxh4
41. Qe7 1-0

[Event "Druzynowe Mistrzostwa Polski Juniorow 2018 - II Liga"]
[Site "Szczyrk"]
[Date "1899-12-30"]
[Round "4.68"]
[White "Ciasnocha, Michal"]
[Black "Fiszer, Bartosz"]
[Result "0-1"]
[WhiteTitle "I"]
[BlackTitle "CM"]
[WhiteElo "1723"]
[BlackElo "2011"]

1. d4 Nf6 2. c4 g6 3. Nc3 Bg7 4. e4 d6 5. Nf3 O-O 6. Be2 e5 7. O-O Nc6 8. d5 Ne7
9. Ne1 Nd7 10. Be3 f5 11. f3 f4 12. Bf2 g5 13. Nd3 Ng6 14. b4 h5 15. c5 Nf6 16.
Rc1 g4 17. cxd6 cxd6 18. Nb5 Rf7 19. Qc2 Ne8 20. Kh1 Bd7 21. a4 a6 22. Nc7 Rc8
23. Bb6 g3 24. h3 Nxc7 25. Bxc7 Qh4 0-1

[Event "Druzynowe Mistrzostwa Polski Juniorow 2018 - II Liga"]
[Site "Szczyrk"]
[Date "1899-12-30"]
[Round "4.69"]
[White "Cwiek, Ryszard"]
[Black "Babiarz, Arkadiusz"]
[Result "0-1"]
[WhiteTitle "I"]
[BlackTitle "I++"]
[WhiteElo "1741"]
[BlackElo "1810"]

1. e4 c5 2. c4 e6 3. Nc3 Nc6 4. Nf3 Qc7 5. Be2 Nf6 6. d3 Be7 7. Be3 b6 8. d4 cxd4
9. Nxd4 Bb7 10. f3 O-O 11. O-O Bd6 12. f4 Nxd4 13. Qxd4 Bc5 14. Qd3 d5 15. exd5
exd5 16. Bxc5 Qxc5+ 17. Kh1 Rad8 18. cxd5 Nxd5 19. Nxd5 Rxd5 20. Qc3 Qxc3 21.
bxc3 Rc5 22. Rac1 Rfc8 23. Rfd1 Kf8 24. Rd7 Rxc3 25. Rxc3 Rxc3 26. Kg1 Be4 27.
Rxa7 Rc2 28. Bf1 g6 29. Rd7 Rxa2 30. Rxf7+ Kxf7 31. Bc4+ Ke7 32. Bxa2 Kd6 33.
Kf2 Kc5 34. Ke3 Bxg2 35. Bg8 h6 36. h4 Bd5 37. Bh7 Bf7 38. Ke4 Kd6 39. Kd4 b5
40. f5 g5 41. hxg5 hxg5 42. f6 b4 43. Bf5 b3 44. Ke4 b2 45. Kd4 Ba2 46. f7 Ke7
47. Bg6 Qb1 48. Bxb1 Bxb1 49. Ke3 Kxf7 50. Kf3 Kg6 51. Kg4 Bf5+ 52. Kg3 Kh5 53.
Kf3 Kh4 54. Kg2 Be4+ 55. Kh2 g4 56. Kg1 g3 57. Kf1 Kh3 58. Kg1 g2 59. Kf2 Kh2
60. Ke3 Qg1+ 61. Kxe4 Qf2 62. Kd5 Qe3 63. Kc6 Qd3 64. Kc5 Kg3 65. Kb6 Qc4 66.
Kb7 Kf4 67. Ka7 Qb3 68. Ka6 Ke5 69. Ka7 Kd6 70. Ka6 Kc6 71. Ka5 Qb5# 0-1